[Event "Pfalz op 2nd"]
[Site "Neustadt an der Weinstrasse"]
[Date "2009.02.15"]
[Round "1"]
[White "Buhmann, Rainer"]
[Black "Fink, Leander"]
[Result "1-0"]
[WhiteElo "2565"]
[BlackElo "2126"]
[PlyCount "93"]
[EventDate "2009.02.15"]
[EventType "swiss"]
[EventRounds "9"]
[EventCountry "GER"]
[SourceTitle "CBM 128 Extra"]
[Source "ChessBase"]
[SourceDate "2009.03.05"]
[SourceVersion "2"]
[SourceVersionDate "2009.03.25"]
[SourceQuality "1"]

1. Nf3 Nf6 2. c4 d6 3. Nc3 g6 4. e4 Bg7 5. d4 0-0 6. Be2 e5 7. 0-0 Nbd7 8. Re1 h6 9. Bf1 c6 10. Rb1 a5 11. b3 Nh7 12. Ba3 exd4 13. Nxd4 Nc5 14. Na4 Re8 15. Nxc5 dxc5 16. Ne2 b6 17. Qxd8 Rxd8 18. Rbd1 Ba6 19. Bc1 Ng5 20. f3 Ne6 21. Be3 a4 22. Kf2 axb3 23. axb3 Bb7 24. Rxd8+ Rxd8 25. Rb1 Ba6 26. f4 Bd4 27. Nxd4 cxd4 28. Bd2 Bb7 29. b4 Ra8 30. f5 Ng5 31. Bxg5 hxg5 32. c5 b5 33. Rd1 Rd8 34. Bd3 f6 35. Ra1 gxf5 36. exf5 Rd7 37. Kf3 Kf7 38. Ke4 Ke7 39. h4 gxh4 40. Rh1 Kf7 41. Rxh4 Kg7 42. Rg4+ Kh7 43. Rg6 Rf7 44. g4 Bc8 45. Kxd4 Bd7 46. g5 fxg5 47. Rxg5 1-0

[Event "Niedersachsen-ch op"]
[Site "Verden"]
[Date "2009.01.03"]
[Round "1"]
[White "Fink, Leander"]
[Black "Davydov, Mihail"]
[Result "0-1"]
[WhiteElo "2126"]
[BlackElo "2094"]
[PlyCount "128"]
[EventDate "2009.01.03"]
[EventType "swiss"]
[EventRounds "7"]
[EventCountry "GER"]
[SourceTitle "EXT 2012"]
[Source "ChessBase"]
[SourceDate "2011.11.24"]
[SourceVersion "1"]
[SourceVersionDate "2011.11.24"]
[SourceQuality "1"]

1. e4 c6 2. d4 d5 3. Nc3 dxe4 4. Nxe4 Nd7 5. c3 Ngf6 6. Nxf6+ Nxf6 7. h3 e6 8. Nf3 b6 9. Bf4 Bb7 10. Be2 Bd6 11. Bxd6 Qxd6 12. 0-0 0-0 13. Re1 c5 14. dxc5 Qxc5 15. Qd4 Rfd8 16. Qxc5 bxc5 17. Rad1 Kf8 18. Ne5 Ke7 19. Bb5 Rxd1 20. Rxd1 Rc8 21. f3 Rc7 22. Kf2 Nd5 23. Nc4 f6 24. h4 Bc6 25. Bxc6 Rxc6 26. g3 Rc7 27. Ke2 Rb7 28. Rd2 g6 29. Na5 Rc7 30. Kd3 Nb6 31. Kc2 e5 32. Kb3 h5 33. Nc4 Rd7 34. Rxd7+ Nxd7 35. Nd2 f5 36. Kc4 Kd6 37. a4 a6 38. Kd3 Kd5 39. a5 c4+ 40. Ke2 Nc5 41. Nf1 Na4 42. Ne3+ Kc5 43. g4 hxg4 44. Nxf5 gxf5 45. h5 Nxb2 46. fxg4 fxg4 47. h6 Nd3 48. h7 Nf4+ 49. Kf2 Ng6 50. Kg3 Kd6 51. Kxg4 Ke6 52. Kg5 Kf7 53. Kf5 Kg7 54. Ke6 Kxh7 55. Kd5 Kg7 56. Kxc4 Kf6 57. Kc5 e4 58. Kb6 e3 59. Kxa6 e2 60. Kb7 e1Q 61. a6 Qe7+ 62. Kb8 Qd8+ 63. Kb7 Qd7+ 64. Kb8 Ne7 0-1

[Event "GER-chT Lands U20"]
[Site "Dresden"]
[Date "2008.11.17"]
[Round "6.1"]
[White "Fink, Leander"]
[Black "Mueller, Jan Hendrik"]
[Result "1/2-1/2"]
[WhiteElo "2069"]
[BlackElo "2098"]
[PlyCount "58"]
[EventDate "2008.11.14"]
[EventType "team-swiss"]
[EventRounds "7"]
[EventCountry "GER"]
[SourceTitle "EXT 2010"]
[Source "ChessBase"]
[SourceDate "2010.11.25"]
[SourceVersion "1"]
[SourceVersionDate "2010.11.25"]
[SourceQuality "1"]
[WhiteTeam "Hessen II"]
[BlackTeam "Hamburg"]
[WhiteTeamCountry "GER"]
[BlackTeamCountry "GER"]

1. e4 e6 2. d3 d5 3. Nf3 dxe4 4. dxe4 Qxd1+ 5. Kxd1 Bc5 6. Ke1 Nf6 7. Bd3 Nc6 8. Bf4 Bb6 9. Na3 Nh5 10. Bd2 e5 11. Nc4 f6 12. Nxb6 axb6 13. g3 Be6 14. h3 0-0 15. Ke2 Kh8 16. b3 f5 17. exf5 Bxf5 18. Bxf5 Rxf5 19. Be3 Raf8 20. Nh4 R5f7 21. c3 Nf6 22. f3 Nd5 23. Bd2 e4 24. fxe4 Nf6 25. Raf1 Nxe4 26. Rxf7 Rxf7 27. Be1 Ng5 28. Bd2 Re7+ 29. Kd3 Rd7+ 1/2-1/2

[Event "GER-chT Lands U20"]
[Site "Dresden"]
[Date "2008.11.16"]
[Round "5.1"]
[White "Mueller, Reinhold"]
[Black "Fink, Leander"]
[Result "1-0"]
[WhiteElo "2226"]
[BlackElo "2069"]
[PlyCount "135"]
[EventDate "2008.11.14"]
[EventType "team-swiss"]
[EventRounds "7"]
[EventCountry "GER"]
[SourceTitle "EXT 2010"]
[Source "ChessBase"]
[SourceDate "2010.11.25"]
[SourceVersion "1"]
[SourceVersionDate "2010.11.25"]
[SourceQuality "1"]
[WhiteTeam "Saarland"]
[BlackTeam "Hessen II"]
[WhiteTeamCountry "GER"]
[BlackTeamCountry "GER"]

1. d4 d6 2. c4 e5 3. Nc3 exd4 4. Qxd4 Nc6 5. Qd2 Nf6 6. Nf3 g6 7. b3 Bg7 8. Bb2 0-0 9. e3 Bf5 10. Be2 Ne4 11. Nxe4 Bxe4 12. Bxg7 Kxg7 13. 0-0 Qf6 14. Rad1 Rad8 15. Nd4 Nxd4 16. Qxd4 Bc6 17. Rd2 a5 18. Rfd1 Qxd4 19. Rxd4 b6 20. h4 h5 21. Kh2 Rfe8 22. Kg3 Kf6 23. Bf3 Bxf3 24. Kxf3 Re5 25. Rf4+ Rf5 26. Rxf5+ Kxf5 27. Rd5+ Kf6 28. Ke4 Ke6 29. Kd4 f6 30. Ke4 Re8 31. Kf4 Ra8 32. e4 a4 33. b4 c6 34. Rd3 a3 35. f3 Ra4 36. Rb3 c5 37. bxc5 bxc5 38. Rc3 f5 39. exf5+ gxf5 40. Kg5 Ke5 41. Rc2 Kd4 42. Kxf5 Rxc4 43. Rxc4+ Kxc4 44. g4 hxg4 45. fxg4 Kd3 46. g5 c4 47. g6 c3 48. g7 c2 49. g8Q c1Q 50. Qd5+ Ke2 51. Qe4+ Kd1 52. Qh1+ Kc2 53. Qxc1+ Kxc1 54. h5 Kb2 55. h6 Kxa2 56. h7 Kb1 57. h8Q a2 58. Qb8+ Kc2 59. Qa7 Kb2 60. Qb6+ Kc2 61. Qa5 Kb2 62. Qb4+ Kc2 63. Qa3 Kb1 64. Qb3+ Ka1 65. Ke4 d5+ 66. Kd3 d4 67. Kc2 d3+ 68. Kc3 1-0

[Event "Bad Zwesten op-A"]
[Site "Bad Zwesten"]
[Date "2008.01.03"]
[Round "3"]
[White "Fink, Leander"]
[Black "Skembris, Spyridon"]
[Result "1-0"]
[WhiteElo "2147"]
[BlackElo "2469"]
[PlyCount "53"]
[EventDate "2008.01.02"]
[EventType "swiss"]
[EventRounds "9"]
[EventCountry "GER"]
[SourceTitle "CBM 123"]
[Source "ChessBase"]
[SourceDate "2008.04.02"]
[SourceVersion "1"]
[SourceVersionDate "2008.04.02"]
[SourceQuality "1"]

1. e4 c6 2. Nf3 g6 3. d4 Bg7 4. Nc3 d5 5. h3 dxe4 6. Nxe4 Nd7 7. c3 Ngf6 8. Bd3 Nxe4 9. Bxe4 0-0 10. 0-0 c5 11. Be3 Nf6 12. Bc2 cxd4 13. Bxd4 Nh5 14. Re1 Qc7 15. Qe2 Bxd4 16. Nxd4 Re8 17. Ba4 Bd7 18. Bxd7 Qxd7 19. Rad1 Rad8 20. Qb5 Qc7 21. Nb3 Nf4 22. a4 h6 23. a5 b6 24. axb6 axb6 25. Rd4 e5 26. Rxf4 Re6 27. Rfe4 1-0

[Event "GER-chT Lands U20"]
[Site "Verden an der Aller"]
[Date "2007.09.29"]
[Round "1.2"]
[White "Fink, Leander"]
[Black "Lubbe, Nikolas"]
[Result "1/2-1/2"]
[WhiteElo "2095"]
[BlackElo "2263"]
[PlyCount "60"]
[EventDate "2007.09.29"]
[EventType "team-swiss"]
[EventRounds "7"]
[EventCountry "GER"]
[SourceTitle "CBM 120 Extra"]
[Source "ChessBase"]
[SourceDate "2007.11.01"]
[SourceVersion "1"]
[SourceVersionDate "2007.11.01"]
[SourceQuality "1"]
[WhiteTeam "Hessen"]
[BlackTeam "Niedersachsen"]
[WhiteTeamCountry "GER"]
[BlackTeamCountry "GER"]

1. e4 c5 2. Nf3 d6 3. c3 Nf6 4. Bd3 Nc6 5. 0-0 g6 6. Re1 Bg7 7. Bf1 0-0 8. a4 d5 9. e5 Ne8 10. d3 Bg4 11. Bf4 Qb6 12. Nbd2 Qxb2 13. Rb1 Qxc3 14. Rxb7 Rb8 15. Qb1 Nc7 16. e6 Rxb7 17. exf7+ Rxf7 18. Qxb7 Rxf4 19. Qxc6 Bxf3 20. Nxf3 Rxf3 21. Rxe7 Rf8 22. Rxc7 Qd4 23. Qe6+ Kh8 24. Rf7 Rxf7 25. Qxf7 Qxa4 26. Qxd5 Bd4 27. Qf7 Bg7 28. Qd5 Qe8 29. Qxc5 Qd7 30. d4 h6 1/2-1/2

[Event "GER-ch internet U18 final"]
[Site "Playchess.com INT"]
[Date "2007.06.20"]
[Round "1"]
[White "Strunski, Andreas"]
[Black "Fink, Leander"]
[Result "1/2-1/2"]
[WhiteElo "2165"]
[BlackElo "2038"]
[PlyCount "71"]
[EventDate "2007.06.20"]
[EventType "swiss (blitz)"]
[EventRounds "7"]
[EventCountry "GER"]
[SourceTitle "EXT 2009"]
[Source "ChessBase"]
[SourceDate "2008.11.26"]
[SourceVersion "1"]
[SourceVersionDate "2008.11.26"]
[SourceQuality "1"]

1. d4 Nf6 2. c4 g6 3. Nc3 Bg7 4. e4 d6 5. Nge2 0-0 6. Ng3 h5 7. h4 e5 8. d5 a5 9. Bg5 Na6 10. Be2 Nc5 11. Qd2 Qe8 12. Nb5 Qd7 13. Bxf6 Bxf6 14. Bxh5 gxh5 15. Nxh5 Nxe4 16. Nxf6+ Nxf6 17. Qg5+ Kh7 18. Qxf6 Qg4 19. Rh3 Rg8 20. Nxc7 Qe4+ 21. Re3 Qxg2 22. Qxf7+ Rg7 23. Qh5+ Kg8 24. 0-0-0 Qxf2 25. Red3 Qf4+ 26. Kb1 Bf5 27. Nxa8 Bxd3+ 28. Rxd3 Rg1+ 29. Rd1 Qe4+ 30. Ka1 Qd4 31. Qe8+ Kg7 32. Qe7+ Kg8 33. Qe8+ Kg7 34. Qe7+ Kg8 35. Qe6+ Kg7 36. Qe7+ 1/2-1/2

[Event "GER-ch internet U18 qual 02"]
[Site "Playchess.com INT"]
[Date "2007.05.23"]
[Round "5"]
[White "Fink, Leander"]
[Black "Koelsch, Maximilian"]
[Result "0-1"]
[WhiteElo "2038"]
[BlackElo "2054"]
[PlyCount "112"]
[EventDate "2007.05.23"]
[EventType "swiss (blitz)"]
[EventRounds "7"]
[EventCountry "GER"]
[SourceTitle "EXT 2009"]
[Source "ChessBase"]
[SourceDate "2008.11.26"]
[SourceVersion "1"]
[SourceVersionDate "2008.11.26"]
[SourceQuality "1"]

1. e4 c5 2. c3 Nf6 3. e5 Nd5 4. Nf3 Nc6 5. g3 d6 6. exd6 e6 7. Bg2 Bxd6 8. 0-0 0-0 9. d4 b6 10. dxc5 Bxc5 11. c4 Nde7 12. Nc3 Ba6 13. Nb5 Qxd1 14. Rxd1 Rad8 15. Bf4 f6 16. Bc7 Rxd1+ 17. Rxd1 e5 18. a3 Rc8 19. b4 Bd4 20. Nfxd4 Nxd4 21. Nxd4 Rxc7 22. Nb5 Rxc4 23. Nxa7 Rc7 24. b5 Bb7 25. Rd8+ Kf7 26. Bxb7 Rxb7 27. Nc6 Nxc6 28. bxc6 Rc7 29. Ra8 Ke6 30. a4 Kd6 31. a5 bxa5 32. Rxa5 Kxc6 33. Ra6+ Kd5 34. Kg2 e4 35. Ra5+ Ke6 36. g4 g6 37. Ra8 Ke5 38. Rf8 f5 39. gxf5 gxf5 40. Kg3 Rg7+ 41. Kh3 Kf4 42. Rf6 Rg6 43. Rf7 h6 44. Ra7 Rg5 45. Ra3 Rg1 46. Rb3 Rf1 47. Kg2 Rc1 48. Rh3 Rc6 49. Rg3 h5 50. Rh3 Rh6 51. Rh4+ Kg5 52. Kg3 Ra6 53. Rf4 Ra3+ 54. f3 h4+ 55. Rxh4 Rxf3+ 56. Kg2 Kxh4 0-1

[Event "EU-ch 8th"]
[Site "Dresden"]
[Date "2007.04.05"]
[Round "3"]
[White "Fink, Leander"]
[Black "Moor, Roger"]
[Result "1-0"]
[WhiteElo "2054"]
[BlackElo "2385"]
[PlyCount "95"]
[EventDate "2007.04.03"]
[EventType "swiss"]
[EventRounds "11"]
[EventCountry "GER"]
[SourceTitle "CBM 118"]
[Source "ChessBase"]
[SourceDate "2007.05.31"]
[SourceVersion "1"]
[SourceVersionDate "2007.05.31"]
[SourceQuality "1"]

1. e4 c5 2. Nf3 e6 3. c3 d5 4. exd5 exd5 5. d4 c4 6. Be2 Bd6 7. 0-0 Ne7 8. b3 cxb3 9. axb3 0-0 10. c4 Nbc6 11. Nc3 Bg4 12. h3 Bh5 13. Re1 Bb4 14. Bb2 Re8 15. Bd3 Bg6 16. Bxg6 hxg6 17. Re2 Bxc3 18. Bxc3 Nf5 19. Rxe8+ Qxe8 20. Qd3 Rd8 21. c5 Qe4 22. Qd2 Nh4 23. Nxh4 Qxh4 24. Re1 Qf6 25. Qd3 a6 26. Qg3 Rc8 27. b4 Qf5 28. Qd6 Qc2 29. Re3 Qf5 30. g4 Qg5 31. Qd7 Rb8 32. Rf3 Qe7 33. Qxd5 Rd8 34. Qc4 Qe6 35. Qxe6 fxe6 36. Rf4 Ne7 37. Bd2 e5 38. Re4 Nc6 39. Kf1 Rxd4 40. Rxd4 Nxd4 41. Bc3 Nc6 42. Ke2 Ne7 43. Kd3 Nd5 44. Kc4 Nxc3 45. Kxc3 Kf7 46. Kc4 Ke6 47. h4 g5 48. h5 1-0

[Event "EU-ch 8th"]
[Site "Dresden"]
[Date "2007.04.03"]
[Round "1"]
[White "Fink, Leander"]
[Black "Maze, Sebastien"]
[Result "0-1"]
[WhiteElo "2054"]
[BlackElo "2506"]
[PlyCount "93"]
[EventDate "2007.04.03"]
[EventType "swiss"]
[EventRounds "11"]
[EventCountry "GER"]
[SourceTitle "CBM 118"]
[Source "ChessBase"]
[SourceDate "2007.05.31"]
[SourceVersion "1"]
[SourceVersionDate "2007.05.31"]
[SourceQuality "1"]

1. e4 c5 2. Nf3 Nc6 3. c3 Nf6 4. e5 Nd5 5. d4 cxd4 6. cxd4 d6 7. Bc4 Nb6 8. Bb5 dxe5 9. Nxe5 Bd7 10. Nxd7 Qxd7 11. 0-0 e6 12. Bg5 Bd6 13. Nc3 0-0 14. Ne4 Nd5 15. Rc1 h6 16. Bd2 Rfc8 17. Qa4 Nb6 18. Qd1 Qe7 19. Bxc6 Rxc6 20. Rxc6 bxc6 21. Qh5 Nd5 22. Rc1 Rc8 23. Qe2 Qc7 24. g3 Be7 25. Qa6 Qd7 26. Ba5 f5 27. Nd2 Bg5 28. Rc2 Bxd2 29. Bxd2 Kf7 30. b4 Ne7 31. Be3 Rb8 32. a3 Rb5 33. Rc5 g5 34. Qa4 Nd5 35. Qc2 Rxc5 36. dxc5 e5 37. Bc1 e4 38. Qc4 Kg6 39. Bb2 e3 40. Qd4 Qe8 41. fxe3 Nxe3 42. Qd6+ Kh5 43. Qd4 Ng4 44. Qd2 f4 45. h3 Ne3 46. g4+ Kh4 47. Bg7 0-1

[Event "Saarbruecken-chT U20"]
[Site "Saarbruecken"]
[Date "2006.11.21"]
[Round "2.4"]
[White "Fink, Leander"]
[Black "Kuersten, Ruediger"]
[Result "0-1"]
[WhiteElo "2056"]
[BlackElo "2118"]
[PlyCount "48"]
[EventDate "2006.11.??"]
[EventType "team"]
[EventRounds "7"]
[EventCountry "GER"]
[SourceTitle "EXT 2008"]
[Source "ChessBase"]
[SourceDate "2007.11.25"]
[SourceVersion "1"]
[SourceVersionDate "2007.11.25"]
[SourceQuality "1"]

1. e4 e6 2. d3 c5 3. Nf3 Nc6 4. g3 d6 5. Bg2 Nge7 6. a4 g6 7. h4 h6 8. Na3 Bg7 9. c3 Rb8 10. Nc2 b6 11. 0-0 Ba6 12. Re1 Ne5 13. Bf1 Nxf3+ 14. Qxf3 0-0 15. d4 Bxf1 16. Kxf1 Nc6 17. e5 Re8 18. Bf4 g5 19. hxg5 hxg5 20. Be3 cxd4 21. cxd4 dxe5 22. Qh5 exd4 23. Rad1 Qd5 24. Na3 Qf5 0-1

[Event "Pardubice op-A"]
[Site "Pardubice"]
[Date "2006.07.27"]
[Round "7"]
[White "Fink, Leander"]
[Black "Cabezas Ayala, Ivan"]
[Result "0-1"]
[WhiteElo "1997"]
[BlackElo "2337"]
[PlyCount "74"]
[EventDate "2006.07.21"]
[EventType "swiss"]
[EventRounds "9"]
[EventCountry "CZE"]
[SourceTitle "CBM 113 Extra"]
[Source "ChessBase"]
[SourceDate "2006.09.14"]
[SourceVersion "1"]
[SourceVersionDate "2006.09.14"]
[SourceQuality "1"]

1. e4 e5 2. Nf3 Nc6 3. Nc3 Nf6 4. a3 d6 5. d4 Bd7 6. Bc4 Be7 7. 0-0 0-0 8. h3 h6 9. b4 Re8 10. Bb2 Bf8 11. Re1 g6 12. dxe5 Nxe5 13. Nxe5 dxe5 14. Qf3 c6 15. Rad1 Qe7 16. Rd2 Be6 17. Bxe6 Qxe6 18. Red1 b5 19. Qe3 a5 20. bxa5 Rxa5 21. Qb6 Raa8 22. Rd8 Rexd8 23. Rxd8 Nd7 24. Qc7 Rxd8 25. Qxd8 Kh7 26. Kf1 Bc5 27. Bc1 Qc4+ 28. Ne2 Nb6 29. Bxh6 Qxc2 30. Bg5 Qxe4 31. Qe8 Qd5 32. Kg1 Qd1+ 33. Kh2 Qd7 34. Qb8 Qf5 35. Qd8 Nd5 36. Nc3 Bb6 37. Qf8 Nxc3 0-1

[Event "GER-ch U16"]
[Site "Willingen"]
[Date "2006.06.09"]
[Round "9"]
[White "Fink, Leander"]
[Black "Seemann, Semjon"]
[Result "1/2-1/2"]
[WhiteElo "1997"]
[BlackElo "1950"]
[PlyCount "47"]
[EventDate "2006.06.03"]
[EventType "swiss"]
[EventRounds "9"]
[EventCountry "GER"]
[SourceTitle "EXT 2007"]
[Source "ChessBase"]
[SourceDate "2006.11.23"]
[SourceVersion "1"]
[SourceVersionDate "2006.11.23"]
[SourceQuality "1"]

1. e4 c5 2. Nf3 Nc6 3. d4 cxd4 4. Nxd4 Nf6 5. Nc3 e5 6. Ndb5 d6 7. Bg5 a6 8. Na3 b5 9. Nd5 Be7 10. Bxf6 Bxf6 11. c3 Ne7 12. Nc2 Nxd5 13. Qxd5 Rb8 14. Ne3 Bb7 15. Qd3 0-0 16. Be2 Bg5 17. Nd5 g6 18. h4 Bh6 19. h5 Kg7 20. Rd1 Qg5 21. g3 f5 22. hxg6 hxg6 23. Nc7 Rf6 24. Nd5 1/2-1/2